Urban spaces : peripheral parks
Αποθηκεύτηκε σε:
| Κύριος συγγραφέας: | |
|---|---|
| Άλλοι συγγραφείς: | , |
| Μορφή: | Βιβλίο |
| Γλώσσα: | English |
| Δημοσίευση: |
Barcelona :
Arco Editorial,
c1994
|
| Σειρά: | World of environmental design ;
; 3 |
| Θέματα: | |
| Ετικέτες: |
Προσθήκη ετικέτας
Δεν υπάρχουν, Καταχωρήστε ετικέτα πρώτοι!
|
MARC
| LEADER | 00000nam a2200000 i 4500 | ||
|---|---|---|---|
| 001 | 1/17730 | ||
| 008 | 981006s1994 eng d | ||
| 020 | |a 84-8185-007-1 | ||
| 035 | |l 10020663 | ||
| 040 | |a GR-MY-UA |b gre |e aacr | ||
| 041 | 0 | |a eng | |
| 082 | 0 | |a 712.5 | |
| 100 | 1 | |a Asensio Cerver, Francisco. | |
| 245 | 1 | 0 | |a Urban spaces : |b peripheral parks / |c Francisco Asensio Cerver ; Translated by Trevor Foskett; Ginny Tapley |
| 260 | |a Barcelona : |b Arco Editorial, |c c1994 | ||
| 300 | |a 255 p. |b ill. | ||
| 490 | 1 | |a World of environmental design |v ; 3 | |
| 650 | 0 | 0 | |a Parks |x Designs and plans. |
| 650 | 0 | 0 | |a Parks |x Pictorial works. |
| 650 | 0 | 0 | |a Recreation areas |x Pictorial works. |
| 650 | 0 | 0 | |a Recreation areas |x Design and plans. |
| 650 | 0 | 0 | |a City planning. |
| 700 | 1 | |a Foskett, Trevor. |4 trl | |
| 700 | 1 | |a Tapley, Ginny. |4 trl | |
| 830 | 0 | |a World of environmental design ; |v ; 3 | |
| 852 | |a INST |b LESVOS |e 19981006 |h 712.3 ASE |p 005100017525 |q 005100017525 |t BK |y 0 | ||
| 901 | |a BIBL-1999-1 | ||
| 909 | |a Λ |b 059150 | ||
| 922 | |a 1ΕΛΗ |b 199809 |c ΚΠΣ/ΤΓ |d ΠΑΠΑΣΩΤΗΡΙΟΥ | ||
| 950 | |a 118-1998-07-21 | ||
| 970 | |z 2000/05/ΟΙΚΟΝΟΜΟΠΟΥΛΟΥ ΧΡΙΣΤΙΝΑ | ||